| 000 | 00665nam a22001337a 4500 | ||
|---|---|---|---|
| 008 | 110701t xxu||||| |||| 00| 0 eng d | ||
| 010 | _aHCCC F-126 | ||
| 245 | _aThe High Court Companies Cause No. 2 of 1972 in the Matter of House of Garments Limited and in the Matter of Companies ACT. | ||
| 260 | _c1972 | ||
| 500 | _aBefore : The Hon. Mr. Justice S. Muske | ||
| 999 |
_c4410 _d4410 |
||